The elements of chemistry (Record no. 16676)

000 -LEADER
fixed length control field 00318cam a22001331 4500
040 ## - CATALOGING SOURCE
Transcribing agency PCvA
082 ## - DEWEY DECIMAL CLASSIFICATION NUMBER
Classification number 540 CLA 1959 A111 Or.
100 1# - MAIN ENTRY--AUTHOR NAME
Personal name Cragg, L. H.
245 04 - TITLE STATEMENT
Title The elements of chemistry
260 ## - PUBLICATION, DISTRIBUTION, ETC. (IMPRINT)
Place of publication Toronto,
Name of publisher Clarke, Irwin,
Year of publication 1959.
300 ## - PHYSICAL DESCRIPTION
Number of Pages 312 p.
Other physical details illus.
Dimensions 25 cm.
650 #0 - SUBJECT ADDED ENTRY--TOPICAL TERM
Topical Term Chemistry.
942 ## - ADDED ENTRY ELEMENTS (KOHA)
Koha item type សៀវភៅភាសាអង់គ្លេស
952 ## - LOCATION AND ITEM INFORMATION (KOHA)
Withdrawn status [LOCAL, KOHA] 0
Holdings
Permanent Location Date acquired Koha item type Lost status Shelving location Barcode Current Location Full call number
Library Block A2018-03-23សៀវភៅភាសាអង់គ្លេស A106A14324Library Block A540 CLA 1959 A106 Or.
មជ្ឈមណ្ឌលឯការនៃសាកលវិទ្យាល័យភូមិន្ទកសិកម្មចំការដូង

Powered by Koha